01154nas a2200337 4500001001300000003000900013005001700022007000300039008003400042040005400076041000900130072001300139100002000152100001200172100001500184100002200199100002200221245011900243650001000362650001700372650001700389650002600406650003200432650001100464650001200475773009500487909004000582942001800622999001900640952015700659BR2012004304BR-BrBNA20231205120729.0ta230509b bl.|||p| |||| 00| 00por d aBR-BrBNAbporcBiblioteca Nacional de Agricultura a(En) aE16; F041 aGitti, D. de C.1 aArf, O.1 aMelero, M.1 aRodrigues, R.A.F.1 aTarsitano, M.A.A.1 aInfluence of nitrogen fertilization and green manure on the economic feasibility of no-tilled wheat in the cerrado aTRIGO aADUBAÇÃO aNITROGÊNIO aCUSTO DE PRODUÇÃO aCONSORCIAÇÃO DE CULTURA aGUANDU aMILHETO0 tRevista Ceres (Brazil)xISSN 0034-737X g(Mar-Apr 2012), v. 59(2) p. 246-253wBR2012004304 a202311bLúciac55dLúcia Elande 2AGRISn0cANA c220000d220000 002AGRIS4071a41918b41918cPeriódicos Agrícolash(Mar-Apr 2012), v. 59(2) p. 246-253l0r2023-11-29t01yCRePortaria Interministerial nº 164/94